000 00662nam a2200205 a 4500
001 21522
003 CO-ViMGA
008 141112s2004 ck r 000 u spa d
020 _a9681671791
040 _aCO-ViMGA
_bspa
_cCO-ViMGA
082 0 4 _aKHEc
100 1 _aKhemir, Nacer
_930734
245 1 0 _aEl cuento de los contadores de cuentos
260 _aMexico :
_bFondo de cultura económica,
_c2004
300 _a34
490 _aClásicos
590 _aForma de adquisición : Donación fact. 8851 - - Precio : 32000 - - Proveedor : Fundación exito - - Fecha de adquisición : Junio 2007
650 1 4 _aCUENTOS INFANTILES AFRICANOS
_92430
942 _2ddc
_cBK
999 _c30111
_d30111